00840nam a22001817a 450000500170000001000150001702000260003203500140005803700090007208200110008110000220009224500530011425000060016726000310017327000570020430000260026150003710028720260116104041.0 aENG-147500 a9789390385607c810.00 aEN-131032 bDBAD 25a000 aSinghania, Nitin  aWBCS General Studies Manual/cBy Nitin Singhania a5 aChennaibMcGraw Hillc2021 a5/90 A, Butt Road, St. Thomas MountbChennaie600016 avpp.c28cm(pb)bIndex aWBCS General Studies Manual, 9e by Nitin Singhania has been meticulously compiled to align with the updated examination pattern of the 2021 WBCS Civil Services examination. This edition has undergone comprehensive revision and updating, ensuring that the content is presented in a well-structured manner to facilitate easier comprehension and retention by aspirants.